Changes in soil pH, organic matter, phosphorus and potassium under successive planting cycles of rubber (Hevea brasiliensis) (Record no. 52579)

MARC details
000 -LEADER
fixed length control field 00653nam a2200157Ia 4500
100 ## - MAIN ENTRY--AUTHOR NAME
Personal name Karthikakuttyamma M.
245 #0 - TITLE STATEMENT
Title Changes in soil pH, organic matter, phosphorus and potassium under successive planting cycles of rubber (Hevea brasiliensis)
260 ## - PUBLICATION, DISTRIBUTION, ETC. (IMPRINT)
Name of publisher Placrosym XV, 2002, Mysore, India. (Eds. K.Sreedharan, P.K. Vinod Kumar, Jayarama and Basavaraja M. Chaluki). Central Coffee Research Institute, Karnataka, India, pp. 356-361.
Year of publication 2002
650 ## - SUBJECT ADDED ENTRY--TOPICAL TERM
Topical Term Soil phosphorus
700 ## - ADDED ENTRY--PERSONAL NAME
Personal name Aiyer R.S.
700 ## - ADDED ENTRY--PERSONAL NAME
Personal name Krishnakumar A.K.
700 ## - ADDED ENTRY--PERSONAL NAME
Personal name Satisha G.C.
700 ## - ADDED ENTRY--PERSONAL NAME
Personal name Suresh P.R.
942 ## - ADDED ENTRY ELEMENTS (KOHA)
Koha item type Bibliography STAF
Holdings
Withdrawn status Lost status Damaged status Not for loan Home library Current library Date acquired Koha item type
      Bibliography RRII Library RRII Library 09/04/2014 Bibliography STAF